000 00841nam a2200253 i 4500
001 000026461
003 DO-SdBNP
005 20231024115524.0
007 ta
008 110318s1980 dr abc 000 0 spa d
040 _aDO-SdBNP
_bspa
_cBNPHU
_erda
082 _222
_bT266
100 _aTejada Castillo, Ramón
_937580
245 1 0 _aGeografía general y de América :
_b3ro. educación media (1ro. del bachillerato) /
_cRamón Tejada Castillo.
264 1 _aSanto Domingo :
_bAlfa y Omega,
_bDisesa,
_c1980.
300 _a334 páginas
_bilustraciones., mapas, retratos
_c25 cm.
336 _2rdacontent
_atexto
_btxt
337 _2rdamedia
_asin mediación
_bn
338 _2rdacarrier
_avolumen
_bnc
500 _a3ro Educación media (1ro del bachillerato)
590 _aInventariado, 2023/ YL
910 _aYLockward
942 _2ddc
_cLBS1
999 _c25953
_d25953